000 00393nam a2200145Ia 4500
008 210210b1969 xxu||||| |||| 00| 0 eng d
082 _a050.954 INDI
100 _aINDIA.
245 _aIndia a reference annual 1969.
260 _aNew Delhi.
_bMinistry of Information & Broadcasting Govt Of India.,
_c1969
300 _axii,652,82
650 _aIndia
690 _aSerials
906 _a027739
999 _c79017
_d79017